O que os homens dizem o que as mulheres ouvem (Registo nº 13283)
[ vista simples ]
| 000 -Etiqueta do registo | |
|---|---|
| Valores | 00505nam a22001811i 4500 |
| 010 ## - Número ISBN | |
| ISBN | 9789898174277 |
| 090 ## - | |
| -- | 13283 |
| 100 ## - Dados gerais de processamento | |
| Dados gerais | 20170304u u u0frey50 ba |
| 101 0# - Língua de publicação | |
| -- | por |
| 200 1# - Titulo e menção de responsabilidade | |
| Primeira menção de responsabilidade | Linda Papadopoulos |
| Título próprio | O que os homens dizem o que as mulheres ouvem |
| 210 ## - Publicação | |
| Nome do editor | Guerra e Paz |
| Local de publicação | Lisboa |
| Data de publicação | 2009 |
| 215 ## - Descrição física | |
| Paginação / Volumes | 238, [2] p. |
| Outras indicações físicas | il. |
| Dimensões | 23 cm |
| 225 2# - Colecção | |
| Título próprio da colecção | Pecado original |
| 700 #1 - Autor principal (pessoa individual) | |
| Apelido | Papadopoulos |
| Nome | Linda |
| -- | 070 |
| 702 #1 - Autor secundário (pessoa individual) | |
| Apelido | Santos |
| Nome | António Costa |
| -- | 730 |
| Datas | 1957- |
| 801 ## - Fonte de origem | |
| País | PT |
| Regras de catalogação | RPC |
| 990 ## - Elementos KOHA | |
| Tipo de documento | Livro |
| Situação do levantamento | Estado | Biblioteca de origem | Biblioteca de empréstimo | Código de barras | Cota | Permissão de empréstimo | Tipo de documento |
|---|---|---|---|---|---|---|---|
| Completo | Biblioteca Municipal de Viana Do Alentejo | Biblioteca Municipal de Viana Do Alentejo | 0019416 | 159.9 PAP | Disponível | Livro | |
| Completo | Biblioteca Municipal de Viana Do Alentejo | Biblioteca Municipal de Viana Do Alentejo Pólo Alcáçovas | 0018920 | 159.9 PAP | Disponível | Livro |